Statistics for All CSGO Intel Extreme Master Tournaments Top 4 Teams

Click here to take the quiz!

General Stats

  • This quiz has been taken 79 times
  • The average score is 142 of 218

Answer Stats

Answer% Correct
Astralis
91%
ENCE
91%
FaZe
91%
fnatic
91%
NAVI
91%
Cloud9
87%
G2
87%
Liquid
87%
NIP
87%
Vitality
87%
dycha
83%
FURIA
83%
HooXi
83%
huNter-
83%
jks
83%
m0NESY
83%
Niko
83%
niko
83%
Renegades
83%
s1mple
83%
Stewie2k
83%
SunPayus
83%
100 Thieves
78%
Aerial
78%
Aleksib
78%
allu
78%
apEX
78%
b1t
78%
blameF
78%
boltz
78%
coldzera
78%
Complexity
78%
dennis
78%
device
78%
TSM
78%
dupreeh
78%
Edward
78%
electroNic
78%
EliGE
78%
f0rest
78%
FalleN
78%
fer
78%
flamie
78%
flusha
78%
Gambit
78%
gla1ve
78%
GuardiaN
78%
Heroic
78%
Hiko
78%
JW
78%
karrigan
78%
kennyS
78%
Luminosity
78%
Magisk
78%
MIBR
78%
MOUZ
78%
NAF
78%
NertZ
78%
nitr0
78%
olofmeister
78%
Perfecto
78%
rain
78%
sh1ro
78%
SK
78%
TACO
78%
twist
78%
Twistzz
78%
Virtus Pro
78%
xseveN
78%
Zeus
78%
ZywOo
78%
Ax1le
74%
AZR
74%
Boombl4
74%
broky
74%
cadiaN
74%
fame
74%
fnx
74%
friberg
74%
GeT_RiGhT
74%
HEN1
74%
HObbit
74%
Immortals
74%
Jame
74%
KSCERATO
74%
LUCAS1
74%
nafany
74%
nex
74%
nexa
74%
OG
74%
OpTic
74%
Outsiders
74%
REZ
74%
ropz
74%
RUSH
74%
seized
74%
sergej
74%
Skadoodle
74%
Snappi
74%
stavn
74%
tarik
74%
TeSeS
74%
Xizt
74%
Xyp9x
74%
YEKINDAR
74%
yuurih
74%
adreN
70%
ALEX
70%
alex
70%
arT
70%
autimatic
70%
cajunb
70%
dexter
70%
drop
70%
Envy
70%
FL1T
70%
flameZ
70%
gob b
70%
hades
70%
Happy
70%
interz
70%
JACKZ
70%
JDC
70%
jkaem
70%
kioShiMa
70%
Kjaerbye
70%
KRIMZ
70%
Maden
70%
NBK-
70%
shox
70%
Spinx
70%
AMANEK
65%
Brollan
65%
buster
65%
Buzz
65%
chrisj
65%
Gratisfaction
65%
jabbi
65%
Liazz
65%
maikelele
65%
n0rb3r7
65%
npl
65%
NRG
65%
Qikert
65%
refrezh
65%
RpK
65%
saffee
65%
sdy
65%
sjuush
65%
steel
65%
xertioN
65%
felps
61%
frozen
61%
k0nfig
61%
misutaaa
61%
Movistar Riders
61%
oskar
61%
poizon
61%
suNny
61%
aizy
57%
BIG
57%
CeRq
57%
chopper
57%
degster
57%
es3tag
57%
Golden
57%
Kyojin
57%
oSee
57%
Spirit
57%
torzsi
57%
B0RUP
52%
Brehze
52%
denis
52%
Grim
52%
magixx
52%
mixwell
52%
SANJI
52%
Spiidi
52%
STYKO
52%
tabseN
52%
valde
52%
daps
48%
draken
48%
Ethan
48%
hampus
48%
Lekr0
48%
pyth
48%
syrsoN
48%
fox
43%
mantuu
43%
mopoz
43%
Snax
43%
Staehr
43%
Plopski
39%
SPUNJ
39%
tiziaN
39%
XANTARES
35%
Farlig
30%
mir
30%
TYLOO
30%
Bubzkji
26%
dav1g
26%
DeathZz
26%
FugLy
26%
JUGi
26%
k1to
26%
MODDII
26%
BnTeT
22%
captainMo
22%
DD
22%
faveN
22%
Krimbo
22%
zews
22%
hazed
17%
somebody
17%
xccurate
17%
yam
17%
Havoc
13%

Score Distribution

Percentile by Number Answered

Percent of People with Each Score

Your Score History

You have not taken this quiz